000
00279nam a2200121Ia 4500
005
20251222155135.0
008
251222s9999||||xx |||||||||||||| ||spa||
082
_a
REL.82
100
_a
SOLDANO Antonio.
245
0
_a
Luci D Italia Sul Mondo
264
_b
No tiene
942
_c
LIB
999
_c
38952
_d
38952